Pinturas contemporáneas de Jesús Mateo : (Record no. 195937)
[ view plain ]
| 000 -LEADER | |
|---|---|
| campo de control de longitud fija | 01127nam a2200289 i 4500 |
| 001 - NÚMERO DE CONTROL | |
| campo de control | 195937 |
| 003 - IDENTIFICADOR DE NÚMERO DE CONTROL | |
| campo de control | ES-MaACL |
| 005 - FECHA Y HORA DE LA ÚLTIMA TRANSACCIÓN | |
| campo de control | 20250815143858.0 |
| 008 - DATOS DE LONGITUD FIJA--INFORMACIÓN GENERAL | |
| campo de control de longitud fija | 240803s2018 sp ||||| |||| 00| 0 spa d |
| 017 ## - NÚMERO DE COPYRIGHT O DE DEPÓSITO LEGAL | |
| Número de copyright o de depósito legal | CU 56-2018 |
| 040 ## - FUENTE DE CATALOGACIÓN | |
| Centro catalogador/agencia de origen | ES-MaACL |
| Centro/agencia transcriptor | ES-MaACL |
| 245 ## - MENCIÓN DEL TÍTULO | |
| Título | Pinturas contemporáneas de Jesús Mateo : |
| Resto del título | ensayos / |
| Mención de responsabilidad, etc. | Gustavo Bueno, [y ocho más] |
| 260 ## - PUBLICACIÓN, DISTRIBUCIÓN, ETC. | |
| Lugar de publicación, distribución, etc. | Cuenca : |
| Nombre del editor, distribuidor, etc. | Centro de Arte de Pintura Mural de Alcarcón, |
| Fecha de publicación, distribución, etc. | 2018. |
| 300 ## - DESCRIPCIÓN FÍSICA | |
| Extensión | 393 p. ; |
| Dimensiones | 21 cm |
| 336 ## - TIPO DE CONTENIDO | |
| Fuente | rdacontent |
| Término de tipo de contenido | Texto |
| 337 ## - TIPO DE MEDIO | |
| Fuente | rdamedia |
| Nombre/término del tipo de medio | sin mediación |
| 338 ## - TIPO DE SOPORTE | |
| Fuente | rdacarrier |
| Nombre/término del tipo de soporte | volumen |
| 600 #0 - PUNTO DE ACCESO ADICIONAL DE MATERIA--NOMBRE DE PERSONA | |
| 9 (RLIN) | 237368 |
| Nombre de persona | Mateo, Jesús, |
| Fechas asociadas al nombre | 1971- |
| 650 #0 - PUNTO DE ACCESO ADICIONAL DE MATERIA--TÉRMINO DE MATERIA | |
| Término de materia o nombre geográfico como elemento de entrada | Pintura mural- |
| Subdivisión geográfica | Alarcón (Cuenca) |
| 9 (RLIN) | 237370 |
| 650 #4 - PUNTO DE ACCESO ADICIONAL DE MATERIA--TÉRMINO DE MATERIA | |
| Término de materia o nombre geográfico como elemento de entrada | Poesías españolas |
| Subdivisión cronológica | s. XX |
| 9 (RLIN) | 16221 |
| 700 1# - ENTRADA AGREGADA--NOMBRE PERSONAL | |
| 9 (RLIN) | 160678 |
| Nombre de persona | Bueno, Gustavo, |
| Fechas asociadas al nombre | 1924-2016 |
| Término indicativo de función/relación | Autor |
| 852 ## - LOCALIZACIÓN | |
| Ubicación | ES-MaACL |
| Sublocalización o colección | R.153513 |
| Ubicación en estantería | Depósito J |
| Número de control de estantería | N-9060 |
| Donativo/Legado | Donación: Editorial |
| Encuadernación | Encuadernación rústica |
| itemnumber | 204475 |
| 942 ## - ELEMENTOS DE ENTRADA SECUNDARIOS (KOHA) | |
| Tipo de ítem Koha | Libro impreso |
| Suprimir en OPAC | No |
| 954 ## - CATALOGADOR -ALTA REGISTRO | |
| Estado de la copia | Tatiana Alejandra de Castro Pérez |
| Estatus retirado | Estado de pérdida | Fuente del sistema de clasificación o colocación | Estado de daño | No para préstamo | Biblioteca de origen | Biblioteca actual | Ubicación en estantería | Fecha de adquisición | Fuente de adquisición | Total de préstamos | Signatura topográfica completa | Código de barras | Visto por última vez | Precio de reemplazo | Tipo de ítem Koha |
|---|---|---|---|---|---|---|---|---|---|---|---|---|---|---|---|
| Clasificación decimal universal | Biblioteca del Ateneo de Madrid | Biblioteca del Ateneo de Madrid | Depósito J | 13/12/2024 | Donación | N-9060 | 101229279 | 13/12/2024 | 13/12/2024 | Libro impreso |
